Wonders of man: Parthenon (Record no. 29657)
[ view plain ]
| 000 -LEADER | |
|---|---|
| fixed length control field | 00262nam a2200109Ia 4500 |
| 082 ## - DEWEY DECIMAL CLASSIFICATION NUMBER | |
| Classification number | 930 |
| Item number | GRE |
| 100 ## - MAIN ENTRY--AUTHOR NAME | |
| Personal name | Green, Peter |
| 245 #0 - TITLE STATEMENT | |
| Title | Wonders of man: Parthenon |
| 260 ## - PUBLICATION, DISTRIBUTION, ETC. (IMPRINT) | |
| Name of publisher | S Arthur Dembner |
| Year of publication | 1973 |
| 942 ## - ADDED ENTRY ELEMENTS (KOHA) | |
| Koha item type | Books |
| Withdrawn status | Lost status | Damaged status | Not for loan | Home library | Current library | Date acquired | Full call number | Accession Number | Koha item type |
|---|---|---|---|---|---|---|---|---|---|
| RRII Library | RRII Library | 16/12/2021 | 930 GRE | 10240 | Books |